Global HR Competencies (Record no. 350533)

000 -LEADER
fixed length control field 00559nam a22002057a 4500
003 - CONTROL NUMBER IDENTIFIER
control field OSt
005 - DATE AND TIME OF LATEST TRANSACTION
control field 20180116183020.0
008 - FIXED-LENGTH DATA ELEMENTS--GENERAL INFORMATION
fixed length control field 151109b xxu||||| |||| 00| 0 eng d
020 ## - INTERNATIONAL STANDARD BOOK NUMBER
International Standard Book Number 9781259064531
040 ## - CATALOGING SOURCE
Transcribing agency 0
082 ## - DEWEY DECIMAL CLASSIFICATION NUMBER
Classification number 658.3 ULR 2013
100 ## - MAIN ENTRY--PERSONAL NAME
Personal name Dave Ulrich
245 ## - TITLE STATEMENT
Title Global HR Competencies
Remainder of title Mastering Competitive Value from the Outside In
Statement of responsibility, etc. Dave Ulrich
260 ## - PUBLICATION, DISTRIBUTION, ETC.
Place of publication, distribution, etc. India
Name of publisher, distributor, etc. Mc Graw Hill
Date of publication, distribution, etc. 2013
300 ## - PHYSICAL DESCRIPTION
Extent 292 p.
Other physical details HB
440 ## - SERIES STATEMENT/ADDED ENTRY--TITLE
Title Global HR Competencies
600 ## - SUBJECT ADDED ENTRY--PERSONAL NAME
Personal name Dave Ulrich
700 ## - ADDED ENTRY--PERSONAL NAME
Personal name Wayne Brockbank
942 ## - ADDED ENTRY ELEMENTS (KOHA)
Source of classification or shelving scheme
Koha item type Book
Holdings
Withdrawn status Lost status Source of classification or shelving scheme Damaged status Not for loan Collection code Permanent Location Current Location Shelving location Date acquired Total Checkouts Full call number Barcode Date last seen Price effective from Koha item type
            Central Library (CL) Central Library (CL) General Stacks 11/09/2015   658.3 ULR 2013 NBS9572 11/09/2015 11/09/2015 Book
© 2023 Central Library, National University of Sciences and Technology. All Rights Reserved.